| 000 | 00663nam a2200181 i 4500 | ||
|---|---|---|---|
| 001 | 35828 | ||
| 003 | ES-MaACL | ||
| 005 | 20230906155225.0 | ||
| 007 | t| | ||
| 008 | 030214s1970 sp df |||| | spa d | ||
| 100 | 1 |
_aBracho del Pino, Salvador. _931238 |
|
| 245 | 1 | 0 |
_aMultiplicador electrónico analógico mediante variación de frecuencia, anchura y polaridad de trenes de impulsos / _cpor Salvador Bracho del Pino. |
| 260 |
_aSevilla : _bUniversidad de Sevilla, _c1970. |
||
| 300 |
_a107 p., 7 lám. : _bgráf. ; _c24 cm. |
||
| 650 | 4 |
_aOrdenadores analógicos electrónicos. _9168587 |
|
| 710 | 2 |
_aUniversidad de Sevilla. _97301 |
|
| 852 |
_aES-MaACL _jC-41721 |
||
| 999 |
_c35828 _d35828 |
||